| 000 | 00000cam 2200000zi 4500 |
| 001 | 9.950878 |
| 003 | CaOODSP |
| 005 | 20260130110754 |
| 006 | m o d f |
| 007 | cr cn||||||||| |
| 008 | 250506t20252025oncad obs f000 0 fre d |
| 020 | |a9780660771847 |
| 040 | |aCaOODSP|bfre|erda|cCaOODSP |
| 043 | |an-cn--- |
| 086 | 1 |aIu188-173/2025F-PDF |
| 245 | 02|aL'impact de la crise de la covid-19 sur le démarrage d'entreprises et les activités entrepreneuriales au Canada. |
| 264 | 1|a[Ottawa] : |bInnovation, sciences et développement économique Canada = Innovation, Science and Economic Development Canada, |c2025. |
| 264 | 4|c©2025 |
| 300 | |a1 ressource en ligne (65 pages) : |billustrations, graphiques |
| 336 | |atexte|btxt|2rdacontent/fre |
| 337 | |ainformatique|bc|2rdamedia/fre |
| 338 | |aressource en ligne|bcr|2rdacarrier/fre |
| 500 | |aPublié aussi en anglais sous le titre : The impact of the COVID-19 crisis on business startups and entrepreneurial activities in Canada. |
| 500 | |aTitre de la couverture. |
| 504 | |aComprend des références bibliographiques (pages 64-65). |
| 520 | |a« Le rapport analyse l’impact de la pandémie de COVID-19 sur l’entrepreneuriat et la dynamique de démarrage d’entreprises au Canada, en s’appuyant sur les données de l’enquête du Global Entrepreneurship Monitor (GEM), qui a interrogé plus de 16000 adultes canadiens entre 2015 et 2021 » -- Sommaire, page 1. |
| 650 | 6|aCOVID-19|xAspect économique|zCanada|vStatistiques. |
| 650 | 6|aEntreprises|zCanada|vStatistiques. |
| 650 | 6|aGens d'affaires|zCanada|vStatistiques. |
| 710 | 1 |aCanada. |bInnovation, sciences et développement économique Canada, |eorganisme de publication. |
| 775 | 08|tThe impact of the COVID-19 crisis on business startups and entrepreneurial activities in Canada.|w(CaOODSP)9.950877 |
| 856 | 40|qPDF|s2.56 Mo|uhttps://publications.gc.ca/collections/collection_2025/isde-ised/Iu188-173-2025-fra.pdf |
| 856 | 4 |qHTML|sS.O.|uhttps://ised-isde.canada.ca/site/recherche-statistique-pme/fr/rapports-recherche/limpact-crise-covid-19-demarrage-dentreprises-activites-entrepreneuriales-canada |